000 00744nam a2200289Ia 4500
005 20260324133735.0
008 008 260324s9999 xx 000 0 eng d
020 _a9780203465493
037 _aEBOOK
040 _aCRL
040 _beng
040 _cCRL
041 _2eng
041 _aeng
084 _qCRL
100 _aBenjamin Johnson; Kevin Mattson; Patrick Kavanagh
_91194217
245 0 _aSteal This University
245 4 _bThe Rise of the Corporate University and the Academic Labor Movement
260 _bTaylor and Francis
260 _c2003
365 _a
365 _b290
856 _uhttp://www.taylorfrancis.com/books/9780203465493
942 _cEBOOK
999 _c1793588
_d1793588